000 00657nam a2200241Ia 4500
003 OSt
005 20220918200533.0
006 a|||||r|||| 00| 0
007 ta
008 220917b |||||||| |||| 00| 0 eng d
024 _a89,227
037 _cTextual
040 _aARTS
_cARTS
_beng
041 _2eng
_aeng
082 _aT9(Y4).1(Y:4).Nt4, L3
245 0 _aReports
_b Vocational training in developing countries
260 _aGeneva
_bUnrisd
_c1973
300 _axiii, 215p.
_ccm.
500 _aAppendix p101--215 (1--3)
650 _aEDUCATION
942 _hT9(Y4).1(Y:4).Nt4, L3
_cTEXL
_2CC
999 _c212897
_d212897